Entry Nombre personal
001 - NÚMERO DE CONTROL
- campo de control: 5128
003 - IDENTIFICADOR DEL NÚMERO DE CONTROL
- campo de control: BNPHU
005 - FECHA Y HORA DE LA ÚLTIMA TRANSACCIÓN
- campo de control: 20250526115843.0
008 - DATOS DE LONGITUD FIJA
- campo de control de longitud fija: 200615|| aca||aabn | a|a d
010 ## - NÚMERO DE CONTROL DE LA BIBLIOTECA DEL CONGRESO
- Número de control de LC: 80120511
040 ## - FUENTE DE LA CATALOGACIÓN
- Centro catalogador/agencia de origen: DO-SdBNP
- Lengua de catalogación: spa
- Centro/agencia transcriptor: BNPHU
- Normas de descripción: rda
046 ## - FECHAS CON CODIFICACIÓN ESPECIAL
- Fecha de nacimiento: 1898-07-19
- Fecha de la muerte: 1979-07-29
100 1# - ENCABEZAMIENTO-NOMBRE DE PERSONA
- Nombre de persona: Marcuse, Herbert,
- Fechas asociadas al nombre: 1898-1979
370 ## - LUGAR ASOCIADO
- Lugar de nacimiento: Berlin (Alemania)
- Lugar de fallecimiento: Starnberg (Alemania)
372 ## - CAMPO DE ACTIVIDAD
- Campo de actividad: Sociología
- Campo de actividad: Política
374 ## - OCUPACIÓN
- Ocupación: Miembros de la facultad de universidades y colegios
375 ## - GÉNERO/SEXO
- Género/Sexo: Masculino
400 1# - TRAZADO DE VÉASE--NOMBRE DE PERSONA
- Nombre de persona: Markouze, Chermpert,
- Fechas asociadas al nombre: 1898-1979
400 1# - TRAZADO DE VÉASE--NOMBRE DE PERSONA
- Nombre de persona: Markuze, Herbert,
- Fechas asociadas al nombre: 1898-1979
670 ## - FUENTE DE DATOS ENCONTRADOS
- Cita de la fuente: Work cat.: (OSt)1465: Marcuse, Herbert, 1898-1979., El fin de la utopía /, 1969.
670 ## - FUENTE DE DATOS ENCONTRADOS
- Identificador Uniforme del Recurso: https://authorities.loc.gov/cgi-bin/Pwebrecon.cgi?AuthRecID=1910456&v1=1&HC=1&SEQ=20250526115346&PID=SbpWuOT4-LD5qTNrSlqedU6Jlofb Consultado en 26 de Mayo, 2025
